Short Reads for Finding Text Evidence as Required on Parcc and smarter Balanced Assessments (Record no. 25871)

MARC details
000 -LEADER
fixed length control field 00735nam a22002177a 4500
003 - CONTROL NUMBER IDENTIFIER
control field OSt
005 - DATE AND TIME OF LATEST TRANSACTION
control field 20260702093555.0
008 - FIXED-LENGTH DATA ELEMENTS--GENERAL INFORMATION
fixed length control field 260702b |||||||| |||| 00| 0 eng d
020 ## - INTERNATIONAL STANDARD BOOK NUMBER
International Standard Book Number 978-1-4900-0089-3
022 ## - INTERNATIONAL STANDARD SERIAL NUMBER
International Standard Serial Number 781490000893
040 ## - CATALOGING SOURCE
Transcribing agency Chuka University Library
050 ## - LIBRARY OF CONGRESS CALL NUMBER
Classification number LB 1632 .C66 2014
100 ## - MAIN ENTRY--PERSONAL NAME
Personal name Ellen Ungaro [Editor]
9 (RLIN) 32550
245 ## - TITLE STATEMENT
Title Short Reads for Finding Text Evidence as Required on Parcc and smarter Balanced Assessments
260 ## - PUBLICATION, DISTRIBUTION, ETC.
Place of publication, distribution, etc. New Rochelle
Name of publisher, distributor, etc. Benchmark Education Company
Date of publication, distribution, etc. 2014
300 ## - PHYSICAL DESCRIPTION
Extent 128 P
Other physical details Illustrations
650 ## - SUBJECT ADDED ENTRY--TOPICAL TERM
Topical term or geographic name entry element Reading Comprehension---Study and teaching [Elementary]
650 ## - SUBJECT ADDED ENTRY--TOPICAL TERM
Topical term or geographic name entry element Reading---Ability testing
9 (RLIN) 27305
650 ## - SUBJECT ADDED ENTRY--TOPICAL TERM
Topical term or geographic name entry element Language Arts[Elementary]
942 ## - ADDED ENTRY ELEMENTS (KOHA)
Source of classification or shelving scheme Library of Congress Classification
Koha item type Long Loan Books
Suppress in OPAC No
Holdings
Withdrawn status Lost status Source of classification or shelving scheme Damaged status Not for loan Collection Home library Current library Shelving location Date acquired Source of acquisition Total Checkouts Full call number Barcode Date last seen Price effective from Koha item type
    Library of Congress Classification     General Collection Books Main Campus Library Main Campus Library General Stacks 10/07/2025 Donations From Books For Africa   LB 1632 .C66 2014 36181/2026 02/07/2026 02/07/2026 Long Loan Books

Powered by Koha